Physico-chemical constants of pure organic compounds. /

Guardado en:
Autor Principal: Timmermans, Jean, 1882-
Formato: Libro
Idioma:English
Publicado: New York : Elsevier Pub. Co., 1950-1965.
Etiquetas: Agregar Etiqueta
Sin Etiquetas, Sea el primero en etiquetar este registro!
LEADER 00642nam a22001571a 4500
001 EEA.libagro009971
008 860108m19501965nyu###########000#0#eng##
005 20210812110253.0
245 1 0 |a Physico-chemical constants of pure organic compounds. /  |c by J. Timmermans. 
260 |a New York :  |b Elsevier Pub. Co.,  |c 1950-1965. 
300 |a 2 v. :  |b tablas ;  |c 25 cm. 
500 |a Cabecera de portada: International Union of Pure and Applied Chemistry. 
100 1 |a Timmermans, Jean,  |d 1882- 
082 0 0 |a 547 
859 |a AR-BbBCA  |b BIB. AGRONOMIA  |h C547  |i T584a2  |p 1967/0313  |v Vol. 1  |3 Vol. 1 
859 |a AR-BbBCA  |b BIB. AGRONOMIA  |h C547  |i T584a2  |p 1967/0314  |v Vol. 2  |3 Vol. 2